[Event "ICS Rated blitz match"]
[Site "207.99.83.229"]
[Date "1999.07.21"]
[Round "?"]
[White "Amateur"]
[Black "Hossa"]
[Result "1-0"]
[WhiteElo "2478"]
[BlackElo "2407"]
[PlyCount "93"]
[EventDate "1999.??.??"]

1. e4 Nf6 2. e5 Nd5 3. d4 d6 4. Nf3 Nc6 5. c4 Nb6 6. Be2 e6 7. exd6 cxd6 8. O-O
Be7 9. Bf4 O-O 10. Nc3 d5 11. c5 Nd7 12. Qd3 Nb4 13. Qd2 Nc6 14. Rae1 Nf6 15.
Nb5 Ne4 16. Qd3 Qd7 17. Ne5 Nxe5 18. Bxe5 f6 19. Nc7 fxe5 20. Nxa8 exd4 21. f3
Nxc5 22. Qxd4 Qd6 23. b4 Qb8 24. bxc5 Qxa8 25. Bd3 Qb8 26. Qf2 Qc7 27. Rc1 Bg5
28. Rb1 e5 29. Rfe1 Bf4 30. g3 Bh6 31. Qc2 g6 32. Kg2 Qf7 33. Rf1 Qe6 34. Qa4
Be3 35. Qxa7 Qe7 36. Rb5 Qf7 37. Qb6 e4 38. Be2 Qf5 39. Kh1 Qh3 40. Rbb1 Bf5
41. Qd6 Rf7 42. Qd8+ Rf8 43. Qxd5+ Be6 44. Qxe4 Bxc5 45. Bc4 Rf6 46. Rxb7 Kf8
47. Rc7 {Hossa resigns} 1-0

[Event "ICS Rated blitz match"]
[Site "207.99.83.229"]
[Date "1999.07.21"]
[Round "?"]
[White "JudgeTurpin"]
[Black "Hossa"]
[Result "1-0"]
[WhiteElo "2490"]
[BlackElo "2394"]
[PlyCount "180"]
[EventDate "1999.??.??"]

1. e4 Nf6 2. d3 e5 3. Nf3 Nc6 4. Be2 d5 5. Nbd2 Bb4 6. c3 Be7 7. exd5 Qxd5 8.
Qb3 O-O 9. Ne4 Qxb3 10. axb3 Be6 11. b4 Nxe4 12. dxe4 a6 13. Ng5 Bxg5 14. Bxg5
f6 15. Be3 Rad8 16. b5 axb5 17. Bxb5 f5 18. Bc5 Rf7 19. exf5 Rxf5 20. Ke2 Bb3
21. Bxc6 bxc6 22. Ke3 e4 23. Ra3 Rxc5 24. Rxb3 Re5 25. Rb4 Rd3+ 26. Kf4 Re7 27.
Rf1 e3 28. fxe3 Rf7+ 29. Ke4 Rxe3+ 30. Kxe3 Rxf1 31. h3 Rd1 32. Rb7 Rd7 33. Ke4
Kf7 34. Ke5 Rd5+ 35. Kf4 Rd7 36. Rb4 Rd2 37. Kf3 g5 38. Rc4 Rd6 39. Ke4 Re6+
40. Kf5 h6 41. Rc5 Rd6 42. c4 Rf6+ 43. Ke4 Kg6 44. Kd4 Rd6+ 45. Ke5 Kh5 46. g3
Kg6 47. Ra5 h5 48. Ra6 g4 49. hxg4 hxg4 50. Ra7 Rd7 51. Ra5 Rd3 52. Rc5 Rd6 53.
b3 Rf6 54. Ke4 Rd6 55. Re5 Kf6 56. Rf5+ Kg6 57. Rf8 Rd1 58. Rc8 Rd7 59. Rg8+
Kh5 60. Re8 Kg5 61. Re6 Rd1 62. Rxc6 Re1+ 63. Kd4 Rd1+ 64. Ke5 Re1+ 65. Kd5 Re3
66. b4 Rxg3 67. Rxc7 Rb3 68. b5 g3 69. Rf7 Kg4 70. Ke4 g2 71. Rg7+ Kh3 72. c5
Rb1 73. Kf3 Rf1+ 74. Ke4 g1=Q 75. Rxg1 Rxg1 76. c6 Re1+ 77. Kd5 Rd1+ 78. Kc5
Rd8 79. c7 Rc8 80. Kd6 Rh8 81. b6 Rh6+ 82. Kc5 Rh5+ 83. Kb4 Rh4+ 84. Kc3 Kg3
85. c8=Q Re4 86. Qc7+ Kf2 87. Qh2+ Ke3 88. Qg3+ Ke2 89. Qd3+ Ke1 90. Qxe4+
90... Kf1 {Hossa resigns} 1-0

[Event "ICS Rated blitz match"]
[Site "207.99.83.229"]
[Date "1999.07.21"]
[Round "?"]
[White "Hossa"]
[Black "JudgeTurpin"]
[Result "1-0"]
[WhiteElo "2382"]
[BlackElo "2502"]
[PlyCount "369"]
[EventDate "1999.??.??"]

1. d4 Nf6 2. c4 e6 3. Nc3 Bb4 4. Bg5 c5 5. Nf3 h6 6. Bxf6 Qxf6 7. e3 Bxc3+ 8.
bxc3 b6 9. Ne5 Bb7 10. Qg4 h5 11. Qe2 d6 12. Nd3 e5 13. a3 Nc6 14. Rd1 O-O-O
15. d5 Na5 16. Nb2 Qg6 17. g3 h4 18. Bh3+ Kc7 19. g4 Rde8 20. e4 Qg5 21. Rb1
Ba6 22. f3 Qf4 23. O-O Kb7 24. Rfd1 Rb8 25. a4 Kc7 26. Re1 Rhe8 27. Bg2 h3 28.
Bf1 Rh8 29. Qe3 Qxe3+ 30. Rxe3 Bc8 31. Bd3 f6 32. Ree1 Bd7 33. Red1 Rbe8 34.
Ra1 g6 35. Rab1 g5 36. Ra1 Reg8 37. Ra3 Ra8 38. Rb1 Rad8 39. Nd1 Rde8 40. Ne3
Rc8 41. Ra2 Ra8 42. Raa1 Rab8 43. Rb2 Rbd8 44. Kh1 Rde8 45. Rc1 Bxa4 46. Rg1
Bd7 47. Ra2 a6 48. Rb2 Re7 49. Rgb1 Rb8 50. Bf1 Rh7 51. Kg1 Rhh8 52. Ra1 Rh6
53. Bd3 Rh7 54. Raa2 Re8 55. Rb1 Rhh8 56. Raa1 Rb8 57. Ra3 Rbc8 58. Kh1 Rce8
59. Raa1 Ra8 60. Rb2 Bc8 61. Kg1 Rb8 62. Nc2 Bd7 63. Bf1 Be8 64. Ne3 Bf7 65.
Rab1 Rh7 66. Bd3 Bg6 67. Kh1 Rhh8 68. Bf1 Rh4 69. Be2 Bh7 70. Bd3 Bg8 71. Nf5
Rh8 72. Be2 Bh7 73. Ng7 Rhc8 74. Ne6+ Kd7 75. Rxb6 Rxb6 76. Rxb6 Ra8 77. Rb2
Bg8 78. Ng7 Bf7 79. Ra2 Nb7 80. Bf1 a5 81. Bxh3 Ra6 82. Rb2 Ra7 83. Kg2 a4 84.
Ra2 Ra8 85. Ra3 Kd8 86. Kf2 Bg6 87. Bf1 Ke7 88. Bd3 Rh8 89. Rxa4 Rxh2+ 90. Kg3
Rh7 91. Ra7 Rxg7 92. Rxb7+ Kf8 93. Rb6 Rd7 94. Bc2 Ke7 95. Ra6 Rc7 96. Ba4 Bh7
97. Bc6 Kd8 98. Ra8+ Rc8 99. Ra2 Rc7 100. Ra1 Bg6 101. Bb5 Ke7 102. Ra6 Bh7
103. Ra5 Bg6 104. Bc6 Bf7 105. Ra8 Bg6 106. Kg2 Bf7 107. Kf2 Bg6 108. Kg3 Bf7
109. Ra6 Kf8 110. Ba4 Ke7 111. Bb5 Bg8 112. Bc6 Bh7 113. Ra5 Kf7 114. Ra8 Ke7
115. Be8 Bg8 116. Bg6 Bf7 117. Bh5 Rb7 118. Rc8 Ra7 119. Rb8 Rd7 120. Rh8 f5
121. exf5 Kf6 122. Rh7 Rb7 123. Bxf7 Rxf7 124. Rh6+ Ke7 125. Re6+ Kd7 126. Rg6
Rh7 127. Rxg5 Ke7 128. Rg6 Kd7 129. f6 Ke8 130. Rg8+ Kf7 131. Rd8 Rh1 132. Rd7+
Kxf6 133. Rxd6+ Kf7 134. Re6 Rc1 135. Rxe5 Rxc3 136. Re4 Kf6 137. Kf2 Kg5 138.
d6 Rd3 139. Re5+ Kf6 140. Rxc5 Rxd6 141. f4 Rd3 142. Rd5 Rc3 143. c5 Ke6 144.
Re5+ Kf7 145. f5 Kf6 146. Re6+ Kg5 147. Rg6+ Kf4 148. c6 Rc2+ 149. Ke1 Ke5 150.
Kd1 Rc4 151. Ke2 Kd5 152. g5 Ke5 153. Rf6 Re4+ 154. Kd3 Rd4+ 155. Kc3 Rd1 156.
Kb4 Rc1 157. Kb5 Rb1+ 158. Kc5 Rc1+ 159. Kb6 Rb1+ 160. Ka6 Rc1 161. Kb7 Rb1+
162. Kc8 Rg1 163. c7 Rxg5 164. Re6+ Kxf5 165. Kd8 Kxe6 166. c8=Q+ Kd5 167. Kc7
Rg7+ 168. Kb6 Rg6+ 169. Kb5 Rf6 170. Qd7+ Ke5 171. Kc5 Rf5 172. Qd4+ Ke6+ 173.
Kc6 Re5 174. Qf4 Re1 175. Qc4+ Kf5 176. Qc2+ Ke6 177. Qb3+ Kf6 178. Qc3+ Kf5
179. Qxe1 Kf4 180. Kd6 Kf3 181. Ke5 Kg4 182. Qe3 Kh5 183. Qg3 Kh6 184. Kf6 Kh7
185. Qg7# {JudgeTurpin checkmated} 1-0

[Event "ICS Rated blitz match"]
[Site "207.99.83.229"]
[Date "1999.07.21"]
[Round "?"]
[White "JudgeTurpin"]
[Black "Hossa"]
[Result "1/2-1/2"]
[WhiteElo "2481"]
[BlackElo "2403"]
[PlyCount "154"]
[EventDate "1999.??.??"]

1. Nf3 Nf6 2. c4 e6 3. g3 d5 4. Bg2 Bd6 5. O-O dxc4 6. d3 cxd3 7. Qxd3 e5 8.
Rd1 Nc6 9. Nh4 Nb4 10. Qc4 O-O 11. a3 Be6 12. Qc3 Na2 13. Qc2 Nxc1 14. Rxc1 Qc8
15. Rd1 Bh3 16. Bf3 Rd8 17. Nc3 c6 18. Ne4 Nxe4 19. Bxe4 g6 20. Rac1 Qd7 21.
Nf3 Qg4 22. b4 Rac8 23. a4 Rb8 24. Qc4 Rd7 25. b5 cxb5 26. axb5 Rbd8 27. e3 Ba3
28. Rxd7 Qxd7 29. Rb1 Qd1+ 30. Ne1 Qg4 31. Nd3 Rd7 32. Ra1 Be7 33. Qa4 Qe6 34.
f4 f6 35. fxe5 f5 36. Nf4 Qxe5 37. Nxh3 fxe4 38. Qxa7 Qxb5 39. Nf2 Qc6 40. Qb8+
Kg7 41. Qf4 Bf6 42. Rf1 Re7 43. Ng4 Re6 44. Nxf6 Rxf6 45. Qe5 Qe6 46. Qd4 Kf7
47. Rxf6+ Qxf6 48. Qd5+ Kf8 49. Qxb7 Qf3 50. Qb8+ Ke7 51. Qe5+ Kd7 52. Qd5+ Kc7
53. Qc5+ Kb7 54. Qb5+ Ka7 55. Qc5+ Ka6 56. Qc6+ Ka5 57. Qc5+ Ka4 58. Qd4+ Kb3
59. Qd2 h5 60. Qc1 g5 61. Qd2 g4 62. Qc1 Kb4 63. Qd2+ Kc5 64. Qd4+ Kc6 65. Qd2
Kc7 66. Qa5+ Kd6 67. Qd8+ Ke6 68. Qb6+ Ke5 69. Qc5+ Kf6 70. Qf8+ Kg6 71. Qg8+
Kh6 72. Qh8+ Kg5 73. Qg7+ Kf5 74. Qf7+ Kg5 75. Qg7+ Kf5 76. Qf7+ Kg5 77. Qg7+
77... Kf5 {Game drawn by repetition} 1/2-1/2

[Event "ICS Rated blitz match"]
[Site "207.99.83.229"]
[Date "1999.07.21"]
[Round "?"]
[White "Hossa"]
[Black "JudgeTurpin"]
[Result "1-0"]
[WhiteElo "2407"]
[BlackElo "2477"]
[PlyCount "91"]
[EventDate "1999.??.??"]

1. d4 d5 2. c4 e5 3. dxe5 d4 4. Nf3 Nc6 5. Bf4 Be6 6. Nbd2 Qd7 7. Qb3 O-O-O 8.
O-O-O Na5 9. Qc2 Bf5 10. Ne4 Nc6 11. Qb1 Nb4 12. Rxd4 Qe6 13. Rxd8+ Kxd8 14. e3
Bxe4 15. Qxe4 Nxa2+ 16. Kb1 Qa6 17. c5 Qg6 18. Qxg6 hxg6 19. Kxa2 Bxc5 20. Bc4
Ke7 21. Rd1 Bb6 22. Bg5+ f6 23. Nh4 Ke8 24. Nxg6 Rh5 25. Bxg8 Rxg5 26. e6 Rxg6
27. Bf7+ Ke7 28. Rd7+ Kf8 29. Bxg6 Bc5 30. Rf7+ Ke8 31. Rxc7+ Kf8 32. Rxb7 a6
33. Rf7+ Ke8 34. Rc7+ Kd8 35. Rxc5 Ke7 36. Bf7 f5 37. Rc7+ Kf6 38. Bg8 Kg5 39.
Rxg7+ Kf6 40. Rd7 f4 41. Ra7 f3 42. gxf3 Kg5 43. e7 a5 44. e8=Q Kf6 45. h4 Kf5
46. Qe6# {JudgeTurpin checkmated} 1-0

[Event "ICS Rated blitz match"]
[Site "207.99.83.229"]
[Date "1999.07.21"]
[Round "?"]
[White "Hossa"]
[Black "bot"]
[Result "0-1"]
[WhiteElo "2426"]
[BlackElo "2821"]
[PlyCount "104"]
[EventDate "1999.??.??"]

1. d4 Nf6 2. c4 e6 3. Nc3 Bb4 4. Bg5 h6 5. Bh4 c5 6. d5 d6 7. Rc1 exd5 8. cxd5
Nbd7 9. a3 Ba5 10. f3 O-O 11. e4 Ne5 12. Nge2 Nc4 13. Ng3 Nxb2 14. Qc2 Bxc3+
15. Qxc3 Na4 16. Bxf6 Qxf6 17. Qxf6 gxf6 18. Nh5 f5 19. Bb5 Nb6 20. Nf6+ Kg7
21. Ne8+ Rxe8 22. Bxe8 fxe4 23. fxe4 Bf5 24. Bxf7 Bxe4 25. O-O Rf8 26. Be6 Rf6
27. Rcd1 Nc4 28. Rde1 Bc2 29. Rxf6 Kxf6 30. Rf1+ Ke5 31. Rf7 Nxa3 32. Rxb7 a5
33. Rb8 c4 34. Rh8 c3 35. Rxh6 Be4 36. Rh8 c2 37. Rc8 Kd4 38. Rxc2 Bxc2 39. g4
Nb5 40. Bf5 Bxf5 41. gxf5 Kxd5 42. f6 Ke6 43. Kf2 a4 44. Ke3 a3 45. Kd3 a2 46.
f7 Kxf7 47. Kc2 a1=Q 48. Kd3 Qd4+ 49. Kc2 Qc3+ 50. Kd1 Nd4 51. h4 Qc2+ 52. Ke1
52... Qe2# {Hossa checkmated} 0-1

[Event "ICS Rated blitz match"]
[Site "207.99.83.229"]
[Date "1999.07.21"]
[Round "?"]
[White "bot"]
[Black "Hossa"]
[Result "1-0"]
[WhiteElo "2824"]
[BlackElo "2423"]
[PlyCount "75"]
[EventDate "1999.??.??"]

1. e4 Nf6 2. e5 Nd5 3. d4 d6 4. Nf3 Nc6 5. c4 Nb6 6. e6 fxe6 7. Ng5 g6 8. d5
exd5 9. cxd5 Nb4 10. Ne6 Bxe6 11. dxe6 Bg7 12. Be2 O-O 13. Nc3 Qc8 14. Bg4
Bxc3+ 15. bxc3 h5 16. Bh3 N4d5 17. Qd3 Kh7 18. Qg3 Qe8 19. O-O Rd8 20. Bd2 Na4
21. Rab1 Nc5 22. Qg5 Nb6 23. Qh4 Nd5 24. c4 Nf6 25. Be3 Nfe4 26. f3 Nc3 27. Rb2
N3a4 28. Rd2 c6 29. Bg5 Nb6 30. Bxe7 Rf4 31. Qg5 Ra8 32. Bxd6 Ne4 33. Qxf4 Nxd2
34. Qxd2 Nxc4 35. Qf4 Nxd6 36. Qxd6 Qd8 37. Qxd8 Rxd8 38. e7 {Hossa resigns}
1-0

[Event "ICS Rated Blitz match"]
[Site "131.246.89.4"]
[Date "1999.07.21"]
[Round "?"]
[White "Bettpfanne"]
[Black "Hossa"]
[Result "0-1"]
[WhiteElo "2024"]
[BlackElo "2008"]
[PlyCount "88"]
[EventDate "1999.??.??"]

1. e4 c5 2. Nc3 Nc6 3. f4 d6 4. Nf3 g6 5. Bc4 Bg7 6. O-O Nf6 7. d3 O-O 8. Qe1
Nb4 9. Bb3 Be6 10. Bxe6 Nxc2 11. Bxf7+ Rxf7 12. Qe2 Nxa1 13. Ng5 b5 14. Be3 b4
15. Nxf7 Kxf7 16. Na4 Qd7 17. b3 Ng4 18. Bc1 c4 19. dxc4 a6 20. f5 h5 21. fxg6+
Kxg6 22. Bb2 Nc2 23. e5 Nce3 24. Qd3+ Kh6 25. Bc1 Qa7 26. Kh1 Bxe5 27. h3 Kg7
28. Rf3 Nxc4 29. Qf5 Nf6 30. bxc4 Qd4 31. Qg5+ Kh8 32. Rf1 Qxc4 33. Qf5 Qxa2
34. Nb6 Rb8 35. Nd7 Rg8 36. Rf2 Qc4 37. Nxe5 Qxc1+ 38. Rf1 Qc7 39. Nf7+ Kg7 40.
Ng5 Qc4 41. Ne6+ Kh8 42. Ng5 Rxg5 43. Qc8+ Qxc8 44. Kg1 44... Qxh3 {
Bettpfanne resigns} 0-1

[Event "ICS Rated blitz match"]
[Site "207.99.83.229"]
[Date "1999.07.21"]
[Round "?"]
[White "topolino"]
[Black "Hossa"]
[Result "1/2-1/2"]
[WhiteElo "2634"]
[BlackElo "2420"]
[PlyCount "253"]
[EventDate "1999.??.??"]

1. e4 Nf6 2. e5 Nd5 3. c4 Nb6 4. d4 d6 5. exd6 Qxd6 6. Be3 Qb4+ 7. Bd2 Qd6 8.
c5 Qe6+ 9. Be2 Nd5 10. Nf3 g6 11. O-O Bg7 12. Bc4 Qf5 13. Re1 Nc6 14. Nc3 Nxc3
15. Bxc3 O-O 16. Bb5 Be6 17. Bxc6 bxc6 18. a3 Rab8 19. Qa4 Bd5 20. Ne5 Bxe5 21.
dxe5 Qg5 22. g3 Qf5 23. Re3 Rbd8 24. Qxa7 Qh3 25. f3 Rd7 26. Qa6 Qh6 27. f4 Qh3
28. Qf1 Be6 29. Qxh3 Bxh3 30. Kf2 Rfd8 31. a4 h6 32. b4 g5 33. Kf3 Be6 34. fxg5
hxg5 35. h4 g4+ 36. Kf4 Kg7 37. Ra3 Rd1 38. Ra1 R1d7 39. Ra3 Rd1 40. Re1 R1d3
41. Rf1 R8d4+ 42. Bxd4 Rxa3 43. a5 Rb3 44. Ke4 Rxg3 45. Be3 Rh3 46. a6 Rxh4 47.
Ra1 Rh8 48. a7 Ra8 49. Bg5 Kf8 50. Kf4 Ke8 51. Bh4 Kd8 52. Bg5 Kd7 53. Ra4 Kc8
54. Bxe7 Kb7 55. Ra5 Rxa7 56. Bd8 Kb8 57. Rxa7 Kxa7 58. Bxc7 Ka6 59. Ba5 Kb5
60. Ke4 Bd5+ 61. Kf4 Bf3 62. Ke3 Kc4 63. Kf4 Kd4 64. Bd8 Kc3 65. Ba5 Kb3 66.
Kg3 Ka4 67. Kf4 Ka3 68. Ke3 Bg2 69. Kf4 Bf3 70. Kg3 Kb3 71. Kf4 Kc4 72. Kg3 Be2
73. Kf4 Bd1 74. Kg3 Kb5 75. Kf4 Be2 76. Ke3 Bf3 77. Kf2 Bd5 78. Kg3 Be6 79. Kf4
Kc4 80. Ke3 Bd5 81. Kf4 Kd4 82. Kxg4 Kxe5 83. Bc7+ Ke4 84. Kg5 f5 85. Bb8 Bc4
86. Bd6 Bf1 87. Bc7 Be2 88. Bf4 Bd3 89. Bd6 Kd5 90. Bg3 Ke4 91. Bc7 Kd4 92. Bg3
Kc4 93. Be1 Bc2 94. Kf4 Kd5 95. Bg3 Bb1 96. Bf2 Kc4 97. Be1 Bc2 98. Ke5 Bd3 99.
Bd2 Bb1 100. Kd6 Be4 101. Ke5 Bd3 102. Kd6 Kb5 103. Ke5 Be4 104. Kd4 Bf3 105.
Kc3 Bg2 106. Bf4 Bd5 107. Bd6 Bg8 108. Bb8 Bc4 109. Bc7 Be6 110. Bd6 Bd7 111.
Bb8 Ka4 112. Bc7 Be6 113. Bb8 Bf7 114. Be5 Bd5 115. Bc7 Be4 116. Bd6 Bg2 117.
Bf4 Be4 118. Bd6 Kb5 119. Be5 Bf3 120. Bf4 Bg2 121. Kb3 Bh3 122. Kc3 Bg4 123.
Bb8 Ka4 124. Be5 Bf3 125. Bc7 Bd5 126. Be5 Be4 127. Bd6 {
Game drawn by repetition} 1/2-1/2

[Event "ICS Rated blitz match"]
[Site "207.99.83.229"]
[Date "1999.07.21"]
[Round "?"]
[White "Hossa"]
[Black "topolino"]
[Result "0-1"]
[WhiteElo "2429"]
[BlackElo "2625"]
[PlyCount "132"]
[EventDate "1999.??.??"]

1. d4 e6 2. c4 d5 3. Nc3 c5 4. dxc5 d4 5. Ne4 Bxc5 6. Nxc5 Qa5+ 7. Bd2 Qxc5 8.
e3 e5 9. exd4 exd4 10. Bd3 Bf5 11. Bxf5 Qxf5 12. Qb3 Nc6 13. Nh3 Qe6+ 14. Kf1
Nge7 15. Re1 Qd7 16. Bg5 O-O 17. Bxe7 Nxe7 18. Kg1 d3 19. Qb5 d2 20. Rd1 Qxb5
21. cxb5 Rfc8 22. Kf1 Rc2 23. Ke2 Rd8 24. Ng5 Rxb2 25. Ne4 Nd5 26. Rxd2 Nf4+
27. Kf3 Rbxd2 28. Nxd2 Rxd2 29. Kxf4 Rxf2+ 30. Kg3 Rxa2 31. Rd1 Kf8 32. Rd8+
Ke7 33. Rb8 b6 34. Rg8 Kf6 35. Rc8 Ra5 36. Ra8 Ke6 37. Re8+ Kd6 38. Rf8 Rxb5
39. Rxf7 Rg5+ 40. Kf3 a5 41. g4 Rg6 42. Ra7 h6 43. h4 Ke5 44. Re7+ Kd5 45. h5
Rf6+ 46. Kg3 g5 47. Rd7+ Rd6 48. Ra7 Ke4 49. Ra6 Rc6 50. Ra8 Rc3+ 51. Kg2 Kf4
52. Rh8 a4 53. Rxh6 Kxg4 54. Kf2 Rc2+ 55. Ke3 a3 56. Rxb6 Kxh5 57. Rb1 a2 58.
Re1 g4 59. Kf4 Rc4+ 60. Kg3 Rc3+ 61. Kg2 Ra3 62. Ra1 g3 63. Kf1 Kg4 64. Kg2 Ra7
65. Kg1 Kh3 66. Kf1 66... g2+ {Hossa resigns} 0-1

[Event "ICS rated blitz match"]
[Site "207.99.83.229"]
[Date "1999.07.21"]
[Round "?"]
[White "bot"]
[Black "Hossa"]
[Result "1-0"]
[WhiteElo "2813"]
[BlackElo "2421"]
[PlyCount "39"]
[EventDate "1999.??.??"]

1. e4 Nf6 2. e5 Nd5 3. d4 d6 4. Nf3 Nc6 5. c4 Nb6 6. e6 fxe6 7. Ng5 e5 8. d5
Nb4 9. a3 Na6 10. Bd3 g6 11. Nxh7 c6 12. dxc6 bxc6 13. Bxg6+ Kd7 14. Ng5 Bg7
15. Nf7 Qg8 16. Nd2 Rh7 17. Bxh7 Qxh7 18. Ng5 Qf5 19. Nde4 d5 20. cxd5 {
Hossa resigns} 1-0

[Event "ICS rated blitz match"]
[Site "207.99.83.229"]
[Date "1999.07.21"]
[Round "?"]
[White "Hossa"]
[Black "bot"]
[Result "0-1"]
[WhiteElo "2418"]
[BlackElo "2816"]
[PlyCount "118"]
[EventDate "1999.??.??"]

1. d4 Nf6 2. c4 g6 3. Nc3 d5 4. cxd5 Nxd5 5. e4 Nxc3 6. bxc3 Bg7 7. Bb5+ c6 8.
Be2 e5 9. Nf3 exd4 10. cxd4 O-O 11. O-O Nd7 12. Bg5 f6 13. Be3 Qe7 14. Bc4+ Kh8
15. Bd3 Nb6 16. Qd2 Bg4 17. Qe2 Rad8 18. a4 Rfe8 19. a5 Nd7 20. Rab1 b5 21.
Rfc1 Qe6 22. Qf1 Qd6 23. Nd2 a6 24. Nb3 Kg8 25. f3 Be6 26. Nc5 Nxc5 27. Rxc5
Bf8 28. Qc1 Rc8 29. Qd2 Bf7 30. Rb2 Red8 31. Kh1 Qd7 32. Rc3 Qc7 33. Rcc2 Rd7
34. d5 c5 35. Rb1 c4 36. Bf1 Bg7 37. Bh6 Bxh6 38. Qxh6 Qxa5 39. Rbb2 Qa1 40.
Kg1 Qa3 41. Ra2 Qc5+ 42. Kh1 Rd6 43. Ra1 Ra8 44. Ra5 Qd4 45. Rd2 Qc3 46. Rda2
Be8 47. R5a3 Qd4 48. Rd2 Qe5 49. Ra5 c3 50. Rc2 Qd4 51. Ra3 b4 52. Ra1 b3 53.
Re2 b2 54. Rae1 Bb5 55. Qf4 Bxe2 56. Qxd6 c2 57. Qe6+ Kh8 58. e5 b1=Q 59. Qxf6+
59... Kg8 {Hossa resigns} 0-1

[Event "ICS rated blitz match"]
[Site "207.99.83.229"]
[Date "1999.07.21"]
[Round "?"]
[White "bot"]
[Black "Hossa"]
[Result "1-0"]
[WhiteElo "2819"]
[BlackElo "2415"]
[PlyCount "57"]
[EventDate "1999.??.??"]

1. d4 d5 2. c4 e6 3. Nc3 Nf6 4. Bg5 c6 5. e3 Nbd7 6. cxd5 exd5 7. Bd3 Bb4 8.
Nf3 Qa5 9. Qc2 c5 10. O-O Bxc3 11. bxc3 O-O 12. c4 dxc4 13. Bxc4 Re8 14. Bxf6
Nxf6 15. dxc5 Be6 16. Bxe6 fxe6 17. Rab1 Qa6 18. Ne5 Rac8 19. Rfd1 Rc7 20. a4
Rf8 21. e4 Qa5 22. Rb5 Qa6 23. Qc4 Rcc8 24. f3 Rfd8 25. Rxd8+ Rxd8 26. c6 Rd1+
27. Kf2 b6 28. Qxe6+ Kf8 29. Qf7# {Hossa checkmated} 1-0

[Event "ICS Rated blitz match"]
[Site "207.99.83.229"]
[Date "1999.07.21"]
[Round "?"]
[White "Hossa"]
[Black "bot"]
[Result "0-1"]
[WhiteElo "2412"]
[BlackElo "2822"]
[PlyCount "73"]
[EventDate "1999.??.??"]

1. d4 Nf6 2. c4 e6 3. Nc3 Bb4 4. Bg5 h6 5. Bh4 c5 6. d5 Bxc3+ 7. bxc3 e5 8. Nf3
d6 9. Nd2 Nbd7 10. e4 Nf8 11. Bxf6 Qxf6 12. Rb1 Nd7 13. Bd3 Nb6 14. O-O O-O 15.
Qe2 Qg5 16. f4 exf4 17. Qf3 Qe5 18. Rb3 g5 19. Qh5 Qf6 20. Be2 Bd7 21. Bg4 Ba4
22. Ra3 Rfe8 23. h4 Bc2 24. Bf5 Bd3 25. Rf2 Nxc4 26. Nxc4 Bxc4 27. Rb2 b5 28.
Rd2 a5 29. hxg5 Qxg5 30. Qf3 b4 31. cxb4 axb4 32. Rxa8 Rxa8 33. Qf2 Qg3 34. Kh1
b3 35. a3 Rxa3 36. Qg1 Ra2 37. Qc1 {Hossa resigns} 0-1

[Event "ICS Rated blitz match"]
[Site "207.99.83.229"]
[Date "1999.07.21"]
[Round "?"]
[White "MissSilicon"]
[Black "Hossa"]
[Result "1-0"]
[WhiteElo "2604"]
[BlackElo "2409"]
[PlyCount "118"]
[EventDate "1999.??.??"]

1. Nf3 Nf6 2. c4 e6 3. Nc3 d5 4. d4 Be7 5. Bg5 O-O 6. cxd5 exd5 7. e3 c6 8. Bd3
Bg4 9. Qb3 Bxf3 10. gxf3 Qb6 11. Qxb6 axb6 12. Rg1 Kh8 13. e4 Nbd7 14. e5 Ng8
15. Be3 Bb4 16. Kd2 c5 17. a3 cxd4 18. Bxd4 Bc5 19. Bxc5 bxc5 20. f4 Ne7 21.
Bb5 Nb6 22. b4 c4 23. Ne2 f6 24. exf6 Rxf6 25. a4 Rh6 26. a5 Nbc8 27. Rg2 Nd6
28. Bd7 Rd8 29. Bg4 Nc6 30. Rb1 Ne4+ 31. Kc1 Kg8 32. f3 Nd6 33. Rb2 Kf7 34. Rb1
Rf6 35. Nc3 d4 36. Nd5 Rh6 37. h3 g6 38. Nc7 d3 39. Kd2 Nd4 40. Rf2 Kf6 41. Re1
Ne2 42. Nd5+ Kf7 43. Rfxe2 dxe2 44. Rxe2 Kf8 45. Nb6 Nb5+ 46. Nd7+ Kf7 47. Re5
Na3 48. Kc3 Rc8 49. Nc5 Nb5+ 50. Kxc4 Nd6+ 51. Kd5 Nf5 52. Nxb7 Rb8 53. a6 Ne7+
54. Kd6 Ng8 55. Kc7 Ra8 56. Nd6+ Kf6 57. b5 Rh4 58. Re8 Ra7+ 59. Kb8 59... Rxa6
{Hossa resigns} 1-0

[Event "ICS Rated blitz match"]
[Site "207.99.83.229"]
[Date "1999.07.21"]
[Round "?"]
[White "Hossa"]
[Black "MissSilicon"]
[Result "0-1"]
[WhiteElo "2401"]
[BlackElo "2612"]
[PlyCount "72"]
[EventDate "1999.??.??"]

1. d4 f5 2. c4 e6 3. e3 Nf6 4. Bd3 Nc6 5. Ne2 Nb4 6. b3 Bd6 7. Ba3 Ng4 8. c5
Nxd3+ 9. Qxd3 Bxh2 10. g3 b6 11. Rf1 a5 12. cxb6 cxb6 13. Qd2 Ba6 14. Bd6 Rc8
15. Rh1 Bb7 16. Rf1 Bg2 17. b4 Rc6 18. Bf4 Qe7 19. bxa5 g5 20. axb6 gxf4 21. b7
Rb6 22. b8=R+ Rxb8 23. exf4 Nf6 24. Qa5 O-O 25. Nd2 Rfc8 26. Qe5 Rb2 27. Rb1
Rxb1+ 28. Nxb1 Qb4+ 29. Nd2 Ne4 30. Qxe4 fxe4 31. a3 Qxa3 32. Nxe4 Rc1+ 33.
Nxc1 Qxc1+ 34. Ke2 Bxf1+ 35. Kf3 Qd1+ 36. Ke3 36... Qe2# {Hossa checkmated} 0-1

[Event "ICS Rated blitz match"]
[Site "207.99.83.229"]
[Date "1999.07.21"]
[Round "?"]
[White "bot"]
[Black "Hossa"]
[Result "1-0"]
[WhiteElo "2825"]
[BlackElo "2394"]
[PlyCount "99"]
[EventDate "1999.??.??"]

1. e4 Nf6 2. e5 Nd5 3. d4 d6 4. c4 Nb6 5. f4 dxe5 6. fxe5 c5 7. d5 e6 8. Nc3
Qh4+ 9. g3 Qd4 10. Qe2 exd5 11. Nb5 Bg4 12. Nxd4 Bxe2 13. Ndxe2 Nxc4 14. Nf4
Nxe5 15. Nxd5 Bd6 16. Bf4 Nbc6 17. O-O-O O-O-O 18. Nh3 f6 19. Kb1 Nb4 20. Nf2
Nf7 21. Bh3+ Kb8 22. Bxd6+ Nxd6 23. Nxb4 cxb4 24. Rhe1 Nc4 25. Re7 Rxd1+ 26.
Nxd1 g6 27. Bg2 Na5 28. Ne3 f5 29. Nc2 Rd8 30. Nxb4 Rd2 31. Nd5 Kc8 32. Ne3 Re2
33. Re5 b6 34. b4 Nc4 35. Nxc4 Rxg2 36. Re7 Rxh2 37. Rxa7 Kb8 38. Rg7 Rh1+ 39.
Kc2 Rh2+ 40. Kb3 Rg2 41. Ka4 Rxg3 42. Rxh7 g5 43. Kb5 Rc3 44. a4 Rxc4 45. Kxc4
f4 46. Kb5 f3 47. Kc6 g4 48. Rh8+ Ka7 49. b5 g3 50. a5 {Hossa resigns} 1-0

[Event "ICS Rated bullet match"]
[Site "207.99.83.229"]
[Date "1999.07.21"]
[Round "?"]
[White "TheComputer"]
[Black "Hossa"]
[Result "1-0"]
[WhiteElo "2430"]
[BlackElo "2353"]
[PlyCount "125"]
[EventDate "1999.??.??"]

1. e4 Nf6 2. e5 Nd5 3. d4 d6 4. c4 Nb6 5. f4 dxe5 6. fxe5 c5 7. d5 e6 8. Nc3
Qh4+ 9. g3 Qd4 10. Qxd4 cxd4 11. Nb5 Bb4+ 12. Bd2 Bxd2+ 13. Kxd2 Na6 14. d6 O-O
15. Nxd4 f6 16. Ngf3 fxe5 17. Nxe5 Rd8 18. Nb5 Nc5 19. Ke1 Rf8 20. Nc7 Rf5 21.
Ng4 Rb8 22. b4 Ne4 23. c5 Nd5 24. Bd3 Ndc3 25. Nb5 Nxb5 26. Bxe4 Rg5 27. Nf2
Re5 28. Kd2 Bd7 29. Rhf1 Rh5 30. h4 Nd4 31. Nh3 a5 32. Nf4 Rh6 33. bxa5 Bb5 34.
Rfe1 Rf6 35. Rab1 Kh8 36. Bg2 Ba6 37. Re4 Nf5 38. Rxe6 Nxg3 39. Rxf6 gxf6 40.
c6 Rd8 41. c7 Rxd6+ 42. Ke1 b5 43. axb6 Nf5 44. b7 Bxb7 45. Rxb7 Ne7 46. Rb8+
Kg7 47. Re8 Rd7 48. Rd8 Rxc7 49. Ne6+ Kh6 50. Nxc7 Nf5 51. Be4 Nxh4 52. Rf8 Kg5
53. Ne6+ Kg4 54. Rxf6 Kg3 55. Bxh7 Nf3+ 56. Ke2 Ne5 57. Nc5 Kh2 58. Rf2+ Kg1
59. Be4 Nf3 60. Kxf3 Kh1 61. Rf1+ Kh2 62. Kf4 Kh3 63. Rh1# {Hossa checkmated}
1-0

[Event "ICS Rated blitz match"]
[Site "207.99.83.229"]
[Date "1999.07.21"]
[Round "?"]
[White "Hossa"]
[Black "bot"]
[Result "0-1"]
[WhiteElo "2392"]
[BlackElo "2827"]
[PlyCount "40"]
[EventDate "1999.??.??"]

1. d4 Nf6 2. c4 e6 3. Nc3 Bb4 4. Bg5 h6 5. Bh4 c5 6. d5 d6 7. Rc1 exd5 8. cxd5
Nbd7 9. a3 Ba5 10. f3 O-O 11. e4 Ne5 12. Nge2 Nc4 13. Qb3 Ne3 14. Kf2 c4 15.
Qb5 a6 16. Bxf6 gxf6 17. Qa4 Bb6 18. Kg3 Bd7 19. Qb4 a5 20. Qxd6 20... Bc7 {
Hossa resigns} 0-1

[Event "ICS Rated blitz match"]
[Site "207.99.83.229"]
[Date "1999.07.21"]
[Round "?"]
[White "bot"]
[Black "Hossa"]
[Result "1-0"]
[WhiteElo "2829"]
[BlackElo "2390"]
[PlyCount "79"]
[EventDate "1999.??.??"]

1. e4 Nf6 2. e5 Nd5 3. d4 d6 4. Nf3 Nc6 5. c4 Nb6 6. e6 fxe6 7. Ng5 g6 8. d5
exd5 9. cxd5 Nb4 10. Bb5+ c6 11. dxc6 bxc6 12. Be2 Bg7 13. O-O O-O 14. Bg4 Rf6
15. Nc3 N6d5 16. Nce4 Bxg4 17. Qxg4 Rf5 18. Qh3 h5 19. Ng3 Rf6 20. N5e4 Rf7 21.
Qe6 Bf6 22. Ng5 Bxg5 23. Bxg5 Qe8 24. Qxg6+ Rg7 25. Qh6 Qg6 26. Qxg6 Rxg6 27.
h4 Nd3 28. Nxh5 Nxb2 29. f4 Kh7 30. f5 Rgg8 31. Rae1 Rae8 32. Re6 Rgf8 33. Rh6+
Kg8 34. f6 e5 35. Rg6+ Kh7 36. Rg7+ Kh8 37. Rxa7 Nc3 38. f7 Re6 39. Be7 Rxe7
40. Rxe7 {Hossa resigns} 1-0